Soundarya darsanam (Record no. 4313)
[ view plain ]
| 000 -LEADER | |
|---|---|
| fixed length control field | 00430cam a2200193ua 4500 |
| 041 ## - LANGUAGE CODE | |
| Language code of text/sound track or separate title | mal |
| 082 ## - DEWEY DECIMAL CLASSIFICATION NUMBER | |
| Classification number | 894.812809 |
| Item number | VIS/SO |
| 100 ## - MAIN ENTRY--AUTHOR NAME | |
| Personal name | Viswambaran, Kilimanoor . |
| 245 ## - TITLE STATEMENT | |
| Title | Soundarya darsanam |
| 260 ## - PUBLICATION, DISTRIBUTION, ETC. (IMPRINT) | |
| Place of publication | Quilon : |
| Name of publisher | M.S Book Depot , |
| Year of publication | 1966. |
| 300 ## - PHYSICAL DESCRIPTION | |
| Number of Pages | 115 ; . |
| 942 ## - ADDED ENTRY ELEMENTS (KOHA) | |
| Koha item type | Books |
| Withdrawn status | Lost status | Damaged status | Home library | Current library | Date acquired | Full call number | Accession Number | Koha item type | Public note |
|---|---|---|---|---|---|---|---|---|---|
| KAUAET | 07/04/2012 | 894.812809 | 12100 | Books | |||||
| KAUAET | KAUAET | 07/04/2012 | 894.812809 | 12099 | Books | ||||
| Withdrawn | KAUAET | Malayalam University | 07/04/2012 | 894.812809 | 8688 | Books | Transferred to Malayalam University |
